000 01725nam1a2200265 i 4500
001 rc\2819967
005 20260408081213.0
035 _a(NLR Aleph) 006978452
090 _a5507828
_c5507828
100 _a20110621d1927 km|y0rusy50 ca
101 0 _arus
102 _aRU
105 _a| z |||||
200 1 _aТруды Вятской сельско-хозяйственной опытной станции
_eсборник статей
_fН. К. З.
_gпод общей редакцией С. П. Орлова
210 _aВятка
_cиздание Вятской Областной Сел.-Хоз. Опытной Станции
_d1927
215 _d25
300 _aВ 1917-1926 гг. "Труды ..." не издавались. Вместо них выходили "Сообщения". С Вып. 2 (45) 1927 г. изд. выходят в сер. "Труды..." (в РНБ шифры разные). Валовая нумерация вып. с учетом всех изд. ВОСХОС
309 _aВып. 1915-1916 гг. ненумер. (в РНБ см. шифр Зем 10/263)
518 1 _aТруды Вятской сельскохозяйственной опытной станции
702 1 _4340
_7ca
_8rus
_aОрлов
_bС. П.
_cагрохимик
_f1887-
_gСергей Петрович
_9267186
_3RU\NLR\AUTH\770267242
710 0 2 _aСеверо-Восточная областная сельскохозяйственная опытная станция
_cКиров
_9880010
_3RU\NLR\AUTH\880608159
712 0 1 _4570
_aСССР
_bНародный комиссариат здравоохранения
_9735628
_3RU\NLR\AUTH\8810118377
852 _aNLR
_j37/3891
942 _cBOOK